Les 7 Émirats des Émirats Arabes Unis - Statistiques

Statistiques générales
  • Ce quiz a été pris 37 fois
  • Le résultat moyen est 3 sur 7
Statistiques - réponses
Nom de l'émirat % Correct
Dubaï
94%
Abou Dabi
64%
Charjah
50%
Ajman
31%
Fujaïrah
31%
Ras el Khaïmah
25%
Oumm al Qaïwaïn
14%
Aucun quiz correspondant
Distribution des résultats
% des personnes avec chaque résultat
Percentile par nombre de réponses
Votre historique - résultats
Vous n’avez pas pris ce quiz